000 00495nam a2200157 a 4500
005 20140412111303.0
008 001110s19uu xx 00 eng d
020 _a0-307-02019-3
050 _aER
_bBi48 1985
100 _aSwindler, Lauren Collier
245 _aBig bird brings spring to seame street /
_cby Lauren Collier Swindler ; illustrated by Marsha Winborn.
260 _bWestern Pub,
_c1985.
300 _a1 v. (unp.) ; col. ; ill.
440 _aA Little Golden Book
999 _c103509
_d103509